Тест на общие знания №23 - Statistics

General Stats
  • This quiz has been taken 46 times
  • The average score is 10 of 20
Answer Stats
Вопрос Ответ % Correct
Какой знак зодиака не представлен живым существом? весы
91%
Сколько миллиграммов в килограмме? 1000000
88%
Где, согласно сказке, находится смерть Кощея? конец иглы
81%
Назовите брата Аида и Посейдона Зевс
75%
В 2008-м году Россия ввела войска в Грузию. С каким американским штатом некоторые заграничные СМИ перепутали Грузию? Джорджия
72%
Кто такие серафимы и херувимы? ангелы
66%
Как называется человек, одинаково хорошо владеющий и правой, и левой руками? амбидекстр
59%
Какой остров условно разделён между греками, турками и британцами? Кипр
53%
Название какого музыкального инструмента происходит от французского слова, означающего "королевский"? рояль
50%
У кого было политическое прозвище Коба? Иосиф Сталин
47%
Как зовут главную героиню серии игр "Tomb Raider"? Лара Крофт
44%
На флаге какой страны изображён автомат Калашникова? Мозамбик
41%
Какой особенностью речи обладал музыкант Джон Скэтмен, которая помогла ему в создании уникального творчества? заикание
41%
Что означает устаревшее слово "намедни"? недавно
41%
У какого злодея Disney был говорящий попугай по имени Яго? Джафар
38%
Какой писатель был вынужден отказаться от нобелевской премии по литературе в 1958-м году? Борис Пастернак
31%
Какой ежегодный фестиваль проходит в пустыне Блэк-Рок в американском штате Невада? "Burning Man"
25%
Какая организация ответственна за смерть четверти населения Камбоджи с 1975-го по 1979-й годы? красные кхмеры
22%
В каком вымышленном регионе находилась крепость Барад-дур? Мордор
13%
К какому таксону относятся кошачьи, псовые и гоминиды? семейство
13%
No matching quizzes found
Score Distribution
Percent of People with Each Score
Percentile by Number Answered
Your Score History
You have not taken this quiz